Экономика и организация геологоразведочных работ: электронный курс

Podrobná bibliografie
Hlavní autor: Романюк В. Б. Вера Борисовна
Korporativní autor: Национальный исследовательский Томский политехнический университет (ТПУ) Институт природных ресурсов (ИПР) Кафедра экономики природных ресурсов (ЭПР)
Shrnutí:Заглавие с экрана
В курсе "Экономика и организация геологоразведочных работ" рассматриваются основные понятия экономики геологического предприятия, раскрывается специфика производственного управления геологическим предприятием; выявлены особенности функционирования геологических компаний, их состояние и перспективы развития. Особое внимание уделяется особенностям функционирования предприятий геологоразведочной отрасли, корпоративной политике, ценовой политике, способам организации сбыта товаров и услуг. Знания, полученные в курсе, помогут работать с нормативно-технической документацией, анализировать и интерпретировать полученные результаты, выбирать методы и средства контроля за разработкой проектно-сметной документации, подбирать методики решения и анализа задач по составлению календарных, оперативных и бизнес-планов, критически оценивать полученные теоретические и экспериментальные данные, делать выводы.
Доступ по логину и паролю
Jazyk:ruština
Vydáno: Томск, TPU Moodle, 2016
Témata:
On-line přístup:http://design.lms.tpu.ru/course/view.php?id=1449
Médium: Elektronický zdroj Kniha
KOHA link:https://koha.lib.tpu.ru/cgi-bin/koha/opac-detail.pl?biblionumber=652079

MARC

LEADER 00000nlm0a2200000 4500
001 652079
005 20231102025838.0
035 |a (RuTPU)RU\TPU\network\17342 
035 |a RU\TPU\network\17341 
090 |a 652079 
100 |a 20161201d2016 m y0rusy50 ca 
101 0 |a rus 
102 |a RU 
105 |a a j 000zy 
135 |a jrcn ---uucaa 
181 0 |a i  
182 0 |a b 
200 1 |a Экономика и организация геологоразведочных работ  |e электронный курс  |f В. Б. Романюк  |g Национальный исследовательский Томский политехнический университет (ТПУ), Институт природных ресурсов (ИПР), Кафедра экономики природных ресурсов (ЭПР) 
203 |a Текст  |c электронный 
210 |a Томск  |c TPU Moodle  |d 2016 
230 |a Электрон. дан. 
300 |a Заглавие с экрана 
330 |a В курсе "Экономика и организация геологоразведочных работ" рассматриваются основные понятия экономики геологического предприятия, раскрывается специфика производственного управления геологическим предприятием; выявлены особенности функционирования геологических компаний, их состояние и перспективы развития. Особое внимание уделяется особенностям функционирования предприятий геологоразведочной отрасли, корпоративной политике, ценовой политике, способам организации сбыта товаров и услуг. Знания, полученные в курсе, помогут работать с нормативно-технической документацией, анализировать и интерпретировать полученные результаты, выбирать методы и средства контроля за разработкой проектно-сметной документации, подбирать методики решения и анализа задач по составлению календарных, оперативных и бизнес-планов, критически оценивать полученные теоретические и экспериментальные данные, делать выводы. 
333 |a Доступ по логину и паролю 
606 1 |a Геологоразведочные работы  |x Экономика  |2 stltpush  |3 (RuTPU)RU\TPU\subj\6152  |9 34108 
610 1 |a электронный ресурс 
610 1 |a труды учёных ТПУ 
610 1 |a электронное обучение 
610 1 |a электронные курсы ТПУ 
610 1 |a рентабельность 
610 1 |a стратегии 
610 1 |a миссия 
610 1 |a внутренние факторы 
610 1 |a предприятия 
610 1 |a производства 
610 1 |a государственное управление 
610 1 |a природная рента 
610 1 |a производственный цикл 
610 1 |a геологические циклы 
610 1 |a организационные структуры 
610 1 |a учебные пособия 
610 1 |a электронные учебные пособия 
675 |a 550.8.02:658(075.8)  |v 3 
700 1 |a Романюк  |b В. Б.  |c экономист  |c старший преподаватель Томского политехнического университета  |f 1964-  |g Вера Борисовна  |2 stltpush  |3 (RuTPU)RU\TPU\pers\26223 
712 0 2 |a Национальный исследовательский Томский политехнический университет (ТПУ)  |b Институт природных ресурсов (ИПР)  |b Кафедра экономики природных ресурсов (ЭПР)  |h 3659  |2 stltpush  |3 (RuTPU)RU\TPU\col\18668 
801 2 |a RU  |b 63413507  |c 20170116  |g RCR 
856 4 |u http://design.lms.tpu.ru/course/view.php?id=1449 
942 |c CF